[Event "Victoria op"]
[Site "Victoria CAN"]
[Date "2019.01.19"]
[Round "2.1"]
[White "Richardson, Ross"]
[Black "Sali, Zulfikar"]
[Result "0-1"]
[WhiteElo "1756"]
[BlackElo "2316"]
[PlyCount "116"]
[EventDate "2019.01.18"]
[EventType "swiss"]
[EventRounds "5"]
[EventCountry "CAN"]

1. d4 Nf6 2. c4 g6 3. Nc3 Bg7 4. e4 O-O 5. Be2 d6 6. Bg5 Nbd7 7. Qd2 Re8 8. Nf3
c5 9. d5 a6 10. O-O Rb8 11. a4 Qc7 12. Rfe1 h5 13. h3 Nh7 14. Bh6 Bh8 15. Bf4
Bf6 16. Bf1 Kh8 17. Ng5 Nxg5 18. Bxg5 Kg7 19. Bxf6+ exf6 20. f4 Re7 21. Re3 b6
22. Bd3 Bb7 23. g4 hxg4 24. hxg4 Rh8 25. Rg3 Qd8 26. Rf1 Rh4 27. Rf2 Qh8 28.
Rh2 Qh6 29. Rxh4 Qxh4 30. Qh2 Qxh2+ 31. Kxh2 Bc8 32. Nd1 Nf8 33. Nf2 g5 34. f5
Nd7 35. b3 Ne5 36. Be2 Re8 37. Kg2 Bd7 38. Nd3 b5 39. axb5 axb5 40. Nxe5 fxe5
41. Rc3 bxc4 42. bxc4 Kf6 43. Rb3 Ke7 44. Rh3 Rf8 45. Ra3 Rb8 46. Ra6 f6 47.
Kf2 Bc8 48. Ra7+ Bb7 49. Bd1 Kd7 50. Ra3 Rh8 51. Kg2 Kc7 52. Rh3 Rxh3 53. Kxh3
Kb6 54. Kg3 Ka5 55. Kf3 Kb4 56. Be2 Ba6 57. Ke3 Bxc4 58. Bxc4 Kxc4 0-1

[Event "Victoria op"]
[Site "Victoria CAN"]
[Date "2019.01.19"]
[Round "2.2"]
[White "Moore, Harry"]
[Black "Zheng, Victor"]
[Result "1-0"]
[WhiteElo "2163"]
[BlackElo "1869"]
[PlyCount "101"]
[EventDate "2019.01.18"]
[EventType "swiss"]
[EventRounds "5"]
[EventCountry "CAN"]

1. Nf3 d5 2. g3 c5 3. Bg2 Nf6 4. O-O e6 5. c4 Be7 6. d4 O-O 7. cxd5 exd5 8. Nc3
b6 9. dxc5 bxc5 10. e4 Ba6 11. Re1 d4 12. Nd5 Nxd5 13. exd5 Nd7 14. b4 Nb6 15.
bxc5 Bxc5 16. Nxd4 Nxd5 17. Nb3 Qf6 18. Nxc5 Qxa1 19. Nxa6 Nc3 20. Qc2 Rae8 21.
Rf1 Ne2+ 22. Kh1 Nxc1 23. Qxc1 Qxa2 24. Nb4 Qb3 25. Nd5 Re6 26. Qc5 Qb8 27. Kg1
Re2 28. Bf3 Rb2 29. Ne7+ Kh8 30. Kg2 Rb5 31. Qe3 a5 32. Nc6 Qd6 33. Rd1 Qc5 34.
Rd4 Qg5 35. Qa3 Qc5 36. Qd3 Rb2 37. Qe3 Rc2 38. Ne5 h6 39. Nd7 Qc8 40. Nxf8
Qxf8 41. Qd3 Rc8 42. Qf5 Rc5 43. Qf4 Rg5 44. h4 Rc5 45. Rd7 f6 46. Qd4 Kh7 47.
Rd8 Qe7 48. Be4+ f5 49. Bf3 Rc4 50. Qd5 a4 51. h5 1-0

[Event "Victoria op"]
[Site "Victoria CAN"]
[Date "2019.01.19"]
[Round "2.4"]
[White "Patterson, Roger"]
[Black "Leblanc, Paul"]
[Result "1-0"]
[WhiteElo "2034"]
[BlackElo "1738"]
[PlyCount "87"]
[EventDate "2019.01.18"]
[EventType "swiss"]
[EventRounds "5"]
[EventCountry "CAN"]

1. f4 d5 2. Nf3 Nf6 3. g3 Nc6 4. Bg2 Bg4 5. Ne5 e6 6. Nxg4 Nxg4 7. e4 Nf6 8. e5
Nd7 9. d4 Ne7 10. Nc3 h5 11. Ne2 Nf5 12. Qd3 Be7 13. c3 c6 14. Bd2 Qb6 15.
O-O-O c5 16. Kb1 c4 17. Qc2 Qa6 18. Bf3 Rb8 19. Bxh5 b5 20. Bg4 g6 21. Bxf5
gxf5 22. h3 b4 23. cxb4 Bxb4 24. g4 Bxd2 25. Qxd2 fxg4 26. hxg4 Rg8 27. Rdg1
Nb6 28. Nc3 Na4 29. Nxa4 Qxa4 30. f5 Qb5 31. fxe6 fxe6 32. g5 Rb7 33. Rh6 Qb6
34. Rgh1 Rbg7 35. Rh8 Qd8 36. Rxg8+ Rxg8 37. Rh6 Qe7 38. g6 Qg7 39. Qg5 Rh8 40.
Rxh8+ Qxh8 41. g7 Qh7+ 42. Kc1 Qh1+ 43. Kd2 Qh2+ 44. Kc3 1-0

[Event "Victoria op"]
[Site "Victoria CAN"]
[Date "2019.01.19"]
[Round "2.5"]
[White "Forman, Ken"]
[Black "Kagaoan, Jose"]
[Result "0-1"]
[WhiteElo "1646"]
[BlackElo "1967"]
[PlyCount "78"]
[EventDate "2019.01.18"]
[EventType "swiss"]
[EventRounds "5"]
[EventCountry "CAN"]

1. e4 d6 2. d4 c6 3. Nf3 Bg4 4. Be2 Nd7 5. Be3 Ngf6 6. Nbd2 Qc7 7. O-O e5 8. c3
Be7 9. h3 Bh5 10. Rc1 O-O 11. Nh2 Bg6 12. Bf3 Rfe8 13. Re1 Rad8 14. Nhf1 Bf8
15. Bg5 Qa5 16. Nc4 Qa6 17. Qb3 b5 18. Ncd2 c5 19. dxe5 c4 20. Qc2 Nxe5 21. Ra1
Nxf3+ 22. gxf3 Qc8 23. Kh2 Nh5 24. Ng3 f6 25. Be3 d5 26. Nxh5 Bxh5 27. f4 dxe4
28. Nxe4 Qf5 29. Bd4 Qxf4+ 30. Ng3 Bd6 31. Qc1 Qh4 32. Kg2 Bf7 33. Nf5 Bd5+ 34.
f3 Bxf3+ 35. Kxf3 Qxh3+ 36. Kf2 Qxf5+ 37. Kg1 Qg4+ 38. Kf1 Qh3+ 39. Kg1 Bh2+
0-1

[Event "Victoria op"]
[Site "Victoria CAN"]
[Date "2019.01.19"]
[Round "2.6"]
[White "Afshar, Amir"]
[Black "James, Rowan"]
[Result "0-1"]
[WhiteElo "1508"]
[BlackElo "1917"]
[PlyCount "74"]
[EventDate "2019.01.18"]
[EventType "swiss"]
[EventRounds "5"]
[EventCountry "CAN"]

1. e4 e5 2. Nf3 Nc6 3. Bb5 a6 4. Ba4 Nf6 5. O-O Be7 6. Re1 b5 7. Bb3 O-O 8. a4
b4 9. c4 d6 10. h3 Na5 11. d4 Nd7 12. Be3 exd4 13. Nxd4 Bf6 14. Qc2 Nc5 15. Nd2
Re8 16. Ba2 Bd7 17. b3 Nc6 18. Nxc6 Bxc6 19. Bxc5 Bxa1 20. Bxb4 Bd4 21. Nf3 Qf6
22. Bb1 Be5 23. Nxe5 dxe5 24. Bc3 Rad8 25. b4 Bd7 26. Rd1 Qc6 27. Ba2 Qxa4 28.
Qxa4 Bxa4 29. Rxd8 Rxd8 30. Bxe5 Rd2 31. Bxc7 Rxa2 32. c5 Bc6 33. f3 Kf8 34.
Kf1 Ke8 35. Be5 g6 36. g4 Ra4 37. Bd6 Rxb4 0-1

[Event "Victoria op"]
[Site "Victoria CAN"]
[Date "2019.01.19"]
[Round "2.7"]
[White "Williamson, Jason"]
[Black "Lee, Mau Seng"]
[Result "1-0"]
[WhiteElo "1879"]
[BlackElo "1588"]
[PlyCount "77"]
[EventDate "2019.01.18"]
[EventType "swiss"]
[EventRounds "5"]
[EventCountry "CAN"]

1. e4 d5 2. exd5 Nf6 3. d4 e6 4. dxe6 Bxe6 5. Nf3 Nc6 6. Bb5 a6 7. Bxc6+ bxc6
8. O-O Bd6 9. Ne5 O-O 10. Nxc6 Bxh2+ 11. Kxh2 Qd6+ 12. Ne5 Ng4+ 13. Kg1 Nxe5
14. dxe5 Qxe5 15. Nc3 Rad8 16. Qf3 Bc4 17. Bf4 Qf5 18. Rfd1 Qxc2 19. Bxc7 Rxd1+
20. Rxd1 Qxb2 21. Rb1 Qc2 22. Bd6 Rc8 23. Rb7 Qc1+ 24. Kh2 Qh6+ 25. Kg1 Qxd6
26. a4 Be6 27. Rb1 Qa3 28. Rd1 g6 29. Rd3 Qc1+ 30. Kh2 Kg7 31. Re3 Rc5 32. Ne4
Rf5 33. Qe2 Rh5+ 34. Kg3 Qc7+ 35. f4 Qe7 36. Qb2+ Kh6 37. Nf6 Qf8 38. Nxh5 gxh5
39. Qf6# 1-0

[Event "Victoria op"]
[Site "Victoria CAN"]
[Date "2019.01.19"]
[Round "2.10"]
[White "Wu, Charles"]
[Black "Tate, William"]
[Result "1/2-1/2"]
[WhiteElo "1744"]
[BlackElo "1749"]
[PlyCount "115"]
[EventDate "2019.01.18"]
[EventType "swiss"]
[EventRounds "5"]
[EventCountry "CAN"]

1. d4 f5 2. Bf4 Nf6 3. e3 e6 4. Nf3 Be7 5. c4 O-O 6. Nc3 c6 7. Bd3 d5 8. Qc2
Ne4 9. g4 Nxc3 10. bxc3 dxc4 11. Bxc4 b5 12. Bb3 fxg4 13. Ne5 a5 14. a3 Bg5 15.
Bg3 Qf6 16. Qe4 Qf5 17. Qxg4 Qxg4 18. Nxg4 a4 19. Bc2 Nd7 20. Ne5 Nxe5 21. Bxe5
Bd7 22. Be4 Bf6 23. f4 Bxe5 24. dxe5 Rac8 25. Rd1 Rc7 26. Rd6 g6 27. h4 c5 28.
Kd2 Rb8 29. Rb1 Kf7 30. Bc2 Rbc8 31. Be4 Ke7 32. Ke2 Rg8 33. Bd3 Rb8 34. Be4
Rd8 35. Rbd1 Rb8 36. Rb1 Rd8 37. Rb6 Be8 38. Rb7 Rxb7 39. Bxb7 c4 40. Be4 Bd7
41. Rd1 Rg8 42. Kf3 h6 43. Rg1 Kf7 44. Rd1 Ke7 45. Rg1 Kf7 46. Rg2 Be8 47. Rd2
Ke7 48. Rd6 g5 49. hxg5 hxg5 50. Rb6 gxf4 51. exf4 Rg1 52. Rb7+ Kf8 53. Ke3 Ra1
54. Rb8 Ke7 55. Rb7+ Kd8 56. Rb8+ Ke7 57. Rb7+ Kd8 58. Rb8+ 1/2-1/2

[Event "Victoria op"]
[Site "Victoria CAN"]
[Date "2019.01.19"]
[Round "3.1"]
[White "Sali, Zulfikar"]
[Black "Williamson, Jason"]
[Result "1-0"]
[WhiteElo "2316"]
[BlackElo "1879"]
[PlyCount "93"]
[EventDate "2019.01.18"]
[EventType "swiss"]
[EventRounds "5"]
[EventCountry "CAN"]

1. e4 c5 2. Nf3 Nc6 3. g3 g6 4. Bg2 Bg7 5. O-O d6 6. c3 Nf6 7. d3 O-O 8. Nbd2
Bd7 9. Re1 Ng4 10. Nc4 b5 11. Ne3 Rb8 12. h3 Nxe3 13. Bxe3 b4 14. Qd2 bxc3 15.
bxc3 Qa5 16. Rac1 Qa3 17. Bh6 Rb2 18. Qf4 Qxa2 19. Bxg7 Kxg7 20. Ra1 Qb3 21. e5
Qc2 22. Rf1 Qxd3 23. exd6 exd6 24. Rad1 Qxc3 25. Rxd6 Rb4 26. Rc1 Qb2 27. Qe3
Nd4 28. Rxd7 Qxc1+ 29. Qxc1 Ne2+ 30. Kh2 Nxc1 31. Ng5 Kg8 32. Bd5 Rd4 33. Nxf7
Rxd5 34. Nh6+ Kh8 35. Rxd5 Kg7 36. Ng4 Nb3 37. f4 Rf7 38. Ne5 Rc7 39. Nc4 a5
40. g4 a4 41. g5 Nd4 42. Kg2 Nb5 43. Rd8 Ra7 44. Rb8 a3 45. Ne3 Nd4 46. Ng4 a2
47. Nh6 1-0

[Event "Victoria op"]
[Site "Victoria CAN"]
[Date "2019.01.19"]
[Round "3.2"]
[White "Kagaoan, Jose"]
[Black "Moore, Harry"]
[Result "1-0"]
[WhiteElo "1967"]
[BlackElo "2163"]
[PlyCount "103"]
[EventDate "2019.01.18"]
[EventType "swiss"]
[EventRounds "5"]
[EventCountry "CAN"]

1. e4 Nf6 2. Bc4 Nxe4 3. Bxf7+ Kxf7 4. Qh5+ Kg8 5. Qd5+ e6 6. Qxe4 d5 7. Qe2
Nc6 8. Nf3 Qf6 9. Nc3 a6 10. d3 Bd6 11. Bg5 Qf7 12. d4 Bd7 13. O-O-O b5 14. Qd2
h6 15. Be3 Kh7 16. h4 Rhb8 17. h5 a5 18. Nh4 b4 19. Ne2 a4 20. g4 b3 21. a3 Na5
22. g5 hxg5 23. Qd3+ Kg8 24. h6 gxh4 25. Rdg1 Bb5 26. c4 Bxc4 27. Qb1 Qf5 28.
Rxg7+ Kh8 29. Qxf5 exf5 30. Nf4 Bxf4 31. Bxf4 Re8 32. Rxc7 Re4 33. Be5+ Rxe5
34. dxe5 Re8 35. f4 Bd3 36. Rxh4 Nc4 37. h7 Be4 38. Rh6 Ne3 39. Rd6 Ng2 40. e6
Nxf4 41. e7 Nd3+ 42. Kd2 Kxh7 43. Rd8 Rxe7 44. Rxe7+ Kg6 45. Kc3 Kf6 46. Ree8
Nf4 47. Rd6+ Kg5 48. Rg8+ Kh5 49. Kd4 Ne2+ 50. Ke3 Nc3 51. bxc3 b2 52. Kf4 1-0

[Event "Victoria op"]
[Site "Victoria CAN"]
[Date "2019.01.19"]
[Round "3.3"]
[White "James, Rowan"]
[Black "Patterson, Roger"]
[Result "1/2-1/2"]
[WhiteElo "1917"]
[BlackElo "2034"]
[PlyCount "26"]
[EventDate "2019.01.18"]
[EventType "swiss"]
[EventRounds "5"]
[EventCountry "CAN"]

1. e4 e5 2. Nf3 d6 3. d4 exd4 4. Nxd4 Nf6 5. Nc3 Be7 6. Bc4 c6 7. a4 a5 8. O-O
O-O 9. Re1 Re8 10. h3 Na6 11. Nf3 Nc5 12. e5 dxe5 13. Qxd8 Bxd8 1/2-1/2

[Event "Victoria op"]
[Site "Victoria CAN"]
[Date "2019.01.19"]
[Round "3.4"]
[White "Campbell, Jamie"]
[Black "Gansvind, Valeria"]
[Result "0-1"]
[WhiteElo "1810"]
[BlackElo "2131"]
[PlyCount "48"]
[EventDate "2019.01.18"]
[EventType "swiss"]
[EventRounds "5"]
[EventCountry "CAN"]

1. Nf3 d6 2. g3 g6 3. Bg2 Bg7 4. O-O Nf6 5. c4 O-O 6. Nc3 c6 7. d4 Qa5 8. a3
Qh5 9. Re1 Bh3 10. Bh1 Ng4 11. Qd2 h6 12. e4 Nd7 13. b4 Rad8 14. Bb2 e5 15. d5
Nb6 16. Qd3 f5 17. c5 dxc5 18. bxc5 fxe4 19. Nxe4 Nxd5 20. Qb3 Rd7 21. Rac1 Kh8
22. Red1 Re7 23. Qc2 g5 24. Nd6 Nxf2 0-1

[Event "Victoria op"]
[Site "Victoria CAN"]
[Date "2019.01.19"]
[Round "3.7"]
[White "Huang, Patrick"]
[Black "Jones, Cliff"]
[Result "1-0"]
[WhiteElo "2054"]
[BlackElo "1497"]
[PlyCount "69"]
[EventDate "2019.01.18"]
[EventType "swiss"]
[EventRounds "5"]
[EventCountry "CAN"]

1. d4 g6 2. Bf4 Bg7 3. e3 d6 4. Nf3 Bg4 5. Be2 c6 6. Nbd2 Nd7 7. c3 e5 8. dxe5
dxe5 9. Bg3 Ne7 10. Nc4 O-O 11. Nfxe5 Bxe2 12. Qxe2 Nxe5 13. Bxe5 Bxe5 14. Nxe5
Qc7 15. Nf3 Rad8 16. O-O Rd7 17. Rfd1 Rfd8 18. Kf1 Kg7 19. Ke1 Nd5 20. g3 Nf6
21. Rxd7 Rxd7 22. Rd1 Qd8 23. Ne5 Rxd1+ 24. Qxd1 Qxd1+ 25. Kxd1 Ne4 26. Ke2 Nc5
27. Nd3 Na4 28. Kd2 Kf6 29. b3 Nb6 30. Nc5 Ke5 31. Kd3 f5 32. Nxb7 g5 33. Nd8
c5 34. Nc6+ Kd6 35. Nxa7 1-0

[Event "Victoria op"]
[Site "Victoria CAN"]
[Date "2019.01.20"]
[Round "4.1"]
[White "Kagaoan, Jose"]
[Black "Sali, Zulfikar"]
[Result "0-1"]
[WhiteElo "1967"]
[BlackElo "2316"]
[PlyCount "186"]
[EventDate "2019.01.18"]
[EventType "swiss"]
[EventRounds "5"]
[EventCountry "CAN"]

1. e4 c5 2. a3 Nc6 3. b4 cxb4 4. axb4 Nxb4 5. d4 d5 6. exd5 Qxd5 7. c3 Qe4+ 8.
Kd2 Nc6 9. Nf3 Bf5 10. Na3 O-O-O 11. Ng5 Nxd4 12. Nxe4 Nb3+ 13. Ke1 Rxd1+ 14.
Kxd1 Nxa1 15. Ng3 Bg6 16. Bc4 e5 17. Bb2 Bxa3 18. Bxa3 Nf6 19. f3 Nc2 20. Bc1
Rd8+ 21. Ke2 Nd5 22. Bxd5 Rxd5 23. Rd1 Rc5 24. Kd2 Na1 25. Bb2 Nb3+ 26. Ke1 Na5
27. Ba3 Rc4 28. Bf8 Nc6 29. Ne2 a5 30. Bxg7 e4 31. Kf2 exf3 32. gxf3 b5 33. Ke3
Rh4 34. Rd5 b4 35. cxb4 axb4 36. Rc5 Kb7 37. Nd4 Nxd4 38. Bxd4 Ka6 39. Be5 b3
40. Rc8 Rh5 41. Kd4 f6 42. Bg3 Rf5 43. Ra8+ Kb5 44. Rb8+ Ka4 45. Ra8+ Ra5 46.
Rxa5+ Kxa5 47. Kc3 Ka4 48. Kb2 Kb4 49. Bh4 f5 50. f4 Kc4 51. Bf6 Bf7 52. h4 Kd3
53. Bg5 Ke4 54. Kc3 Kf3 55. Kb2 Kg4 56. Kc3 Kh5 57. Be7 Bg8 58. Kb2 Kg6 59. Kc3
Bd5 60. Kb2 Kh5 61. Bf6 Bf7 62. Kc3 Kg4 63. Bg5 Kf3 64. Kb2 Ke3 65. Kc3 Ke4 66.
Kb2 Kd3 67. Bh6 Kc4 68. Bg5 Bh5 69. Bh6 Bd1 70. Bg5 Kd3 71. Bh6 Ke4 72. Kc3 Kf3
73. Kb2 Kg4 74. Bg5 Kh5 75. Be7 Kg6 76. Kc3 Kf7 77. Bg5 Kg7 78. Kb2 Kg6 79. Kc3
h6 80. Be7 Kf7 81. Bd8 Ke6 82. Bc7 Kd5 83. Be5 Ke4 84. Bg7 Kxf4 85. Bxh6+ Kg4
86. Bg7 Kxh4 87. Kd2 Bc2 88. Ke3 Kg4 89. Kf2 Kf4 90. Bb2 Ke4 91. Bc1 Kd3 92.
Bb2 Bd1 93. Kg3 Kc2 0-1

[Event "Victoria op"]
[Site "Victoria CAN"]
[Date "2019.01.20"]
[Round "4.2"]
[White "Gansvind, Valeria"]
[Black "James, Rowan"]
[Result "1/2-1/2"]
[WhiteElo "2131"]
[BlackElo "1917"]
[PlyCount "25"]
[EventDate "2019.01.18"]
[EventType "swiss"]
[EventRounds "5"]
[EventCountry "CAN"]

1. d4 d5 2. c4 e6 3. Nc3 Nf6 4. cxd5 exd5 5. Bg5 Be7 6. e3 c6 7. Bd3 Nbd7 8.
Nf3 O-O 9. Qc2 Re8 10. O-O Nf8 11. Ne5 Ng4 12. Bxe7 Qxe7 13. Nxg4 1/2-1/2

[Event "Victoria op"]
[Site "Victoria CAN"]
[Date "2019.01.20"]
[Round "4.3"]
[White "Patterson, Roger"]
[Black "Taylor, Tristan"]
[Result "1/2-1/2"]
[WhiteElo "2034"]
[BlackElo "1802"]
[PlyCount "34"]
[EventDate "2019.01.18"]
[EventType "swiss"]
[EventRounds "5"]
[EventCountry "CAN"]

1. c4 e5 2. Nc3 Nf6 3. g3 Bb4 4. Bg2 O-O 5. e4 Re8 6. Nge2 c6 7. O-O d6 8. a3
Ba5 9. b4 Bc7 10. d4 a5 11. Rb1 exd4 12. Nxd4 Nbd7 13. Qc2 Ne5 14. Nce2 axb4
15. axb4 Qe7 16. Bb2 h5 17. Nf4 Bd7 1/2-1/2

[Event "Victoria op"]
[Site "Victoria CAN"]
[Date "2019.01.20"]
[Round "4.4"]
[White "Moore, Harry"]
[Black "Machado de Oliveira, Nicolau"]
[Result "1-0"]
[WhiteElo "2163"]
[BlackElo "1781"]
[PlyCount "49"]
[EventDate "2019.01.18"]
[EventType "swiss"]
[EventRounds "5"]
[EventCountry "CAN"]

1. e4 e5 2. Nc3 Nf6 3. Bc4 Nc6 4. d3 Na5 5. Bb3 Nxb3 6. axb3 d5 7. Bg5 Be7 8.
Bxf6 Bxf6 9. Nxd5 Bg5 10. Nf3 Bh6 11. O-O Qd6 12. Nd2 b5 13. c4 Bd7 14. Nf3 O-O
15. Ne3 g6 16. d4 exd4 17. Qxd4 Qxd4 18. Nxd4 Bg7 19. Nec2 bxc4 20. bxc4 a5 21.
Rad1 Rfe8 22. f3 Re7 23. b4 axb4 24. Nxb4 Ra5 25. Nb3 {White won on move 60.}
1-0

[Event "Victoria op"]
[Site "Victoria CAN"]
[Date "2019.01.20"]
[Round "4.5"]
[White "Cordon, Ian"]
[Black "Zheng, Victor"]
[Result "0-1"]
[WhiteElo "2073"]
[BlackElo "1869"]
[PlyCount "112"]
[EventDate "2019.01.18"]
[EventType "swiss"]
[EventRounds "5"]
[EventCountry "CAN"]

1. c4 Nf6 2. g3 g6 3. Bg2 Bg7 4. e4 d6 5. Nc3 O-O 6. Nge2 c5 7. d4 Nc6 8. O-O
Nd7 9. Be3 a6 10. Qd2 Rb8 11. Rad1 cxd4 12. Nxd4 Nde5 13. Qe2 Ng4 14. Nc2 Nxe3
15. Qxe3 b5 16. c5 b4 17. Na4 Qa5 18. b3 dxc5 19. Qxc5 Qxc5 20. Nxc5 Rb5 21.
Na4 Bg4 22. f3 Be6 23. Rf2 Rc8 24. Bf1 Ra5 25. f4 Bg4 26. Rd5 Rxd5 27. exd5 Nd4
28. Bc4 a5 29. Ne3 h5 30. Kg2 Nf5 31. Nxg4 hxg4 32. Re2 Bd4 33. Kf1 Ne3+ 34.
Rxe3 Bxe3 35. Nb2 Bd4 36. Nd3 Kg7 37. Kg2 Kf6 38. Nc1 Bb2 39. Nd3 Bd4 40. Nc1
Kf5 41. Bd3+ Kf6 42. Bc4 Kf5 43. Bd3+ Kf6 44. Bc4 g5 45. Nd3 Kf5 46. fxg5 Kxg5
47. Nf4 Kf5 48. Kf1 a4 49. Nd3 axb3 50. axb3 Bc3 51. Bb5 Ra8 52. Ba4 Rxa4 53.
bxa4 b3 54. Ke2 b2 55. Nxb2 Bxb2 56. Kd3 Ke5 0-1

[Event "Victoria op"]
[Site "Victoria CAN"]
[Date "2019.01.20"]
[Round "5.1"]
[White "Sali, Zulfikar"]
[Black "Moore, Harry"]
[Result "0-1"]
[WhiteElo "2316"]
[BlackElo "2163"]
[PlyCount "104"]
[EventDate "2019.01.18"]
[EventType "swiss"]
[EventRounds "5"]
[EventCountry "CAN"]

1. e4 c5 2. Nf3 d6 3. g3 Nc6 4. Bg2 g6 5. O-O Bg7 6. c3 e5 7. d3 Nge7 8. h4 h6
9. Nbd2 O-O 10. a4 Be6 11. Re1 Qc7 12. Nf1 d5 13. exd5 Nxd5 14. Ne3 Nxe3 15.
Bxe3 b6 16. Qc1 Kh7 17. b4 cxb4 18. cxb4 Rac8 19. b5 Nb4 20. Qd2 Qd6 21. Rab1
Nxd3 22. h5 e4 23. Bf4 Qd7 24. Rxe4 Nxf4 25. Qxd7 Bxd7 26. Rxf4 g5 27. Rfb4 Bf5
28. Rd1 Bc3 29. Rbd4 Bxd4 30. Rxd4 Rfe8 31. g4 Be6 32. Ne5 Red8 33. Rb4 Rc1+
34. Kh2 Rd2 35. Be4+ Kg7 36. Kg2 Re2 37. Nf3 Bxg4 38. Bd3 Bxf3+ 39. Kxf3 Re7
40. Be4 Rc3+ 41. Kg4 Rc5 42. f3 Rec7 43. Rb2 Rc4 44. Ra2 R7c5 45. Kg3 f5 46.
Bc6 Rc2 47. Ra1 Rc1 48. Ra2 R5c2 49. Ra3 Kf6 50. Rd3 f4+ 51. Kg4 Rg1+ 52. Kh3
Rh1+ 0-1

[Event "Victoria op"]
[Site "Victoria CAN"]
[Date "2019.01.20"]
[Round "5.2"]
[White "Zheng, Victor"]
[Black "Gansvind, Valeria"]
[Result "1/2-1/2"]
[WhiteElo "1869"]
[BlackElo "2131"]
[PlyCount "122"]
[EventDate "2019.01.18"]
[EventType "swiss"]
[EventRounds "5"]
[EventCountry "CAN"]

1. Nf3 d6 2. g3 g6 3. Bg2 Bg7 4. O-O Nf6 5. d4 O-O 6. c4 c6 7. Nc3 Be6 8. d5
Bd7 9. e4 cxd5 10. exd5 Qc8 11. Qe2 Re8 12. Be3 Bg4 13. Rac1 Nbd7 14. h3 Bxf3
15. Bxf3 Ne5 16. Bg2 Qxc4 17. f4 Qxe2 18. Nxe2 Nd3 19. Rc7 b6 20. Nd4 Nb4 21.
Nc6 Nbxd5 22. Nxe7+ Nxe7 23. Bxa8 Nf5 24. Rxa7 Rxe3 25. g4 Nd4 26. Rd1 Nb5 27.
Rb7 Re8 28. Rxb6 Rxa8 29. Rxb5 Bf8 30. Ra1 h5 31. g5 Ne4 32. a4 Bg7 33. a5 Nc5
34. Rd1 Ne6 35. Rxd6 Bxb2 36. Rxb2 Rxa5 37. Rb8+ Kg7 38. Rb7 Nxf4 39. h4 Rf5
40. Rd8 Ne6 41. Re8 Nxg5 42. hxg5 Rxg5+ 43. Kh2 Rf5 44. Kg3 Rg5+ 45. Kf4 Rf5+
46. Ke4 Rf1 47. Rbb8 Rf5 48. Rbd8 Rf1 49. Re5 f5+ 50. Ke3 Re1+ 51. Kf4 Rf1+ 52.
Kg5 Rg1+ 53. Kf4 Rf1+ 54. Kg3 Kf6 55. Ree8 Ra1 56. Rd6+ Kf7 57. Rb8 Kg7 58.
Rbb6 Rg1+ 59. Kf2 Rg4 60. Rd3 h4 61. Rc3 Kh6 1/2-1/2

[Event "Victoria op"]
[Site "Victoria CAN"]
[Date "2019.01.20"]
[Round "5.3"]
[White "Huang, Patrick"]
[Black "Williamson, Jason"]
[Result "1-0"]
[WhiteElo "2054"]
[BlackElo "1879"]
[PlyCount "57"]
[EventDate "2019.01.18"]
[EventType "swiss"]
[EventRounds "5"]
[EventCountry "CAN"]

1. d4 Nf6 2. Bf4 g6 3. Nc3 Bg7 4. e4 d6 5. Qd2 Nbd7 6. O-O-O c5 7. dxc5 Nxc5 8.
e5 Nh5 9. Be3 Bd7 10. exd6 Ne6 11. dxe7 Qxe7 12. Nd5 Qd8 13. Qb4 a5 14. Qe1 O-O
15. Nb6 Qf6 16. c3 Bc6 17. Nxa8 Rxa8 18. Nf3 Bxf3 19. gxf3 a4 20. a3 Rc8 21.
Rd7 Qxf3 22. Rg1 Qc6 23. Qd2 Nhf4 24. Rd6 Qe4 25. Bb5 Rc5 26. Bxc5 Nxc5 27.
Rd8+ Bf8 28. Rxf8+ Kxf8 29. Qd6+ 1-0

[Event "Victoria op"]
[Site "Victoria CAN"]
[Date "2019.01.20"]
[Round "5.4"]
[White "Leong, Ryan"]
[Black "Patterson, Roger"]
[Result "1-0"]
[WhiteElo "1773"]
[BlackElo "2034"]
[PlyCount "81"]
[EventDate "2019.01.18"]
[EventType "swiss"]
[EventRounds "5"]
[EventCountry "CAN"]

1. a3 d5 2. d4 e6 3. Nf3 c5 4. c3 Nc6 5. Bf4 Nf6 6. Nbd2 Be7 7. e3 O-O 8. Bd3
b6 9. Rc1 Bb7 10. b4 c4 11. Bc2 a5 12. b5 Na7 13. a4 Nc8 14. Ne5 Nd6 15. O-O
Rc8 16. Qe2 Nfe4 17. Nxe4 dxe4 18. h3 f6 19. Ng4 Nf7 20. Nh2 Bd6 21. f3 exf3
22. Nxf3 Re8 23. Nd2 e5 24. Bh2 exd4 25. cxd4 Bxh2+ 26. Kxh2 c3 27. Nf3 Nd6 28.
Nh4 Ne4 29. Qh5 Qc7+ 30. Kg1 Qf7 31. Qg4 Rcd8 32. Nf5 Kh8 33. Bxe4 Rxe4 34. Rf4
h5 35. Qg3 g6 36. Rxe4 Bxe4 37. Nd6 Rxd6 38. Qxd6 c2 39. Qxb6 Kg7 40. Qc5 Qb3
41. Qe7+ 1-0

[Event "Victoria op"]
[Site "Victoria CAN"]
[Date "2019.01.20"]
[Round "5.5"]
[White "Rowan, James"]
[Black "Kagaoan, Jose"]
[Result "1/2-1/2"]
[WhiteElo "1917"]
[BlackElo "1967"]
[PlyCount "45"]
[EventDate "2019.01.18"]
[EventType "swiss"]
[EventRounds "5"]
[EventCountry "CAN"]

1. e4 d6 2. Nf3 Bg4 3. d4 Nf6 4. Nc3 c6 5. a4 Nbd7 6. Be3 Qc7 7. Be2 e5 8. dxe5
dxe5 9. Nd2 Bxe2 10. Qxe2 Bb4 11. Na2 Bc5 12. Nc3 O-O 13. O-O Bd4 14. Nd1 Rfe8
15. c3 Bxe3 16. Nxe3 Nf8 17. Nf5 Rad8 18. Nf3 g6 19. Ng3 Ne6 20. Rad1 Kg7 21.
Qc2 Rd7 22. Rxd7 Nxd7 23. Rd1 1/2-1/2

[Event "Winnipeg TNT 2019.01"]
[Site "Winnipeg CAN"]
[Date "2019.01.08"]
[Round "1.1"]
[White "Wiebe, Isaac"]
[Black "Samson, Larry"]
[Result "1-0"]
[WhiteElo "1660"]
[BlackElo "2011"]
[PlyCount "55"]
[EventDate "2019.01.08"]
[EventType "swiss"]
[EventRounds "4"]
[EventCountry "CAN"]

1. d4 Nf6 2. Bf4 g6 3. Nc3 Bg7 4. e4 d6 5. Qd2 Nbd7 6. Nf3 O-O 7. O-O-O c6 8.
e5 Ne8 9. h4 h5 10. e6 Ndf6 11. exf7+ Rxf7 12. Ng5 Rf8 13. Bd3 Nd5 14. Nxd5
cxd5 15. Bxg6 Nf6 16. f3 Bd7 17. g4 hxg4 18. h5 Bh6 19. Qd3 Ne4 20. Bxe4 dxe4
21. Qxe4 Bxg5 22. Qg6+ Kh8 23. Bxg5 Qe8 24. Rde1 Qxg6 25. hxg6+ Kg8 26. Rxe7
Rfe8 27. Bf6 Rxe7 28. Rh8# 1-0

[Event "Winnipeg TNT 2019.01"]
[Site "Winnipeg CAN"]
[Date "2019.01.08"]
[Round "1.2"]
[White "Remillard, John"]
[Black "Boron, Anthony"]
[Result "1-0"]
[WhiteElo "1660"]
[BlackElo "2011"]
[PlyCount "55"]
[EventDate "2019.01.08"]
[EventType "swiss"]
[EventRounds "4"]
[EventCountry "CAN"]

1. c4 e6 2. e3 d5 3. d4 Nf6 4. a3 g6 5. Nc3 Bg7 6. b4 O-O 7. cxd5 exd5 8. Bb2
Re8 9. Nf3 c6 10. Bd3 Nbd7 11. O-O Ne4 12. Nd2 f5 13. f3 Nxc3 14. Bxc3 Rxe3 15.
Qc2 Qb6 16. Nb3 Nf8 17. Rae1 Rxe1 18. Rxe1 Ne6 19. Nc5 Nxd4 20. Qb2 Ne6 21.
Bxg7 Nxg7 22. Re7 Nh5 23. Re8+ Kf7 24. Qh8 g5 25. Qg8+ Kf6 26. Rf8+ Ke5 27.
Qxg5 Nf4 28. Qf6# 1-0

[Event "Winnipeg TNT 2019.01"]
[Site "Winnipeg CAN"]
[Date "2019.01.08"]
[Round "1.3"]
[White "Abioye, Yemi"]
[Black "Melnyk, Jim"]
[Result "1-0"]
[WhiteElo "1935"]
[BlackElo "1637"]
[PlyCount "87"]
[EventDate "2019.01.08"]
[EventType "swiss"]
[EventRounds "4"]
[EventCountry "CAN"]

1. e4 Nc6 2. Nc3 e6 3. d4 Bb4 4. Be3 d5 5. e5 Nge7 6. Bd3 Bd7 7. Nf3 Bxc3+ 8.
bxc3 b6 9. c4 dxc4 10. Bxc4 Na5 11. Bd3 Qc8 12. O-O h6 13. Bd2 Nac6 14. Be4 Rb8
15. c4 O-O 16. d5 exd5 17. cxd5 Nd8 18. Rc1 Bf5 19. d6 Bxe4 20. dxe7 Re8 21.
exd8=Q Rxd8 22. Re1 Bb7 23. Rc2 c5 24. Qe2 Qf5 25. Rec1 Rd7 26. Nh4 Qe6 27. f4
Rbd8 28. Be1 Rd4 29. f5 Qc6 30. Qf2 Qe8 31. Re2 Re4 32. Rxe4 Bxe4 33. Qg3 Rd3
34. Qf4 Qc6 35. Bf2 Ra3 36. Re1 Ra4 37. e6 fxe6 38. Ng6 Kh7 39. Nf8+ Kh8 40.
Nxe6 Bxg2 41. Qg3 g5 42. Qxg2 Qd6 43. Qa8+ Kh7 44. Qb7+ 1-0